[Event "Mazowiec-chT op 1718"]
[Site "Warsaw"]
[Date "2018.02.04"]
[Round "6.24"]
[White "Stojke, Krzysztof"]
[Black "Budny, Piotr"]
[Result "0-1"]
[WhiteElo "1489"]
[BlackElo "1234"]
[PlyCount "76"]
[EventDate "2017.12.03"]
[EventType "team-swiss"]
[EventRounds "10"]
[EventCountry "POL"]
[SourceTitle "EXT 2020"]
[Source "ChessBase"]
[SourceDate "2019.10.17"]
[SourceVersion "1"]
[SourceVersionDate "2019.10.17"]
[SourceQuality "1"]

1. c4 e5 2. g3 Nf6 3. Bg2 d5 4. cxd5 Nxd5 5. Nc3 c6 6. Nf3 Nxc3 7. bxc3 Bd6 8. 0-0 0-0 9. d3 Bf5 10. Nd2 Qd7 11. Qb3 Na6 12. Ne4 Bxe4 13. dxe4 Nc5 14. Qc2 Rfd8 15. Ba3 Ne6 16. Rfd1 Qe7 17. Bxd6 Rxd6 18. Rxd6 Qxd6 19. Rd1 Qe7 20. Qb2 b6 21. h4 h6 22. Bh3 Nc5 23. Qa3 Rd8 24. Rxd8+ Qxd8 25. Qxa7 Nxe4 26. Qb7 Nxc3 27. Qxc6 Nxe2+ 28. Kg2 Nd4 29. Qe4 Qd6 30. Qa8+ Kh7 31. Qe4+ g6 32. Qe3 Qd5+ 33. Kg1 Nf3+ 34. Kg2 Nxh4+ 35. Kh2 Nf3+ 36. Kg2 Ng5+ 37. Kh2 Nxh3 38. Kxh3 Qh1+ 0-1

[Event "Mazowiec-chT op 1718"]
[Site "Warsaw"]
[Date "2018.01.07"]
[Round "4.5"]
[White "Jedynak, January"]
[Black "Stojke, Krzysztof"]
[Result "1-0"]
[WhiteElo "1830"]
[BlackElo "1489"]
[PlyCount "47"]
[EventDate "2017.12.03"]
[EventType "team-swiss"]
[EventRounds "10"]
[EventCountry "POL"]
[SourceTitle "EXT 2020"]
[Source "ChessBase"]
[SourceDate "2019.10.17"]
[SourceVersion "1"]
[SourceVersionDate "2019.10.17"]
[SourceQuality "1"]

1. b3 d5 2. Bb2 c5 3. e3 Nc6 4. Nf3 Bf5 5. Bb5 f6 6. d4 e6 7. 0-0 a6 8. Be2 cxd4 9. Nxd4 Nxd4 10. Qxd4 Bxc2 11. Rc1 Rc8 12. Nc3 Bg6 13. Qa7 Qd7 14. Na4 Rc7 15. Qb8+ Qd8 16. Qxc7 Bd6 17. Qxd8+ Kxd8 18. Nc5 Bxc5 19. Rxc5 Ne7 20. Rac1 Nc6 21. Bxa6 bxa6 22. Rxc6 Kd7 23. Rc7+ Kd6 24. R1c6# 1-0

[Event "Mazowiec-chT op 1617"]
[Site "Warsaw"]
[Date "2017.02.05"]
[Round "9.16"]
[White "Stojke, Krzysztof"]
[Black "Trzeciak, Piotr"]
[Result "0-1"]
[WhiteElo "1518"]
[BlackElo "1633"]
[PlyCount "75"]
[EventDate "2016.12.11"]
[EventType "team-swiss"]
[EventRounds "10"]
[EventCountry "POL"]
[SourceTitle "EXT 2019"]
[Source "ChessBase"]
[SourceDate "2018.10.10"]
[SourceVersion "1"]
[SourceVersionDate "2018.10.10"]
[SourceQuality "1"]

1. e4 c5 2. f4 Nf6 3. e5 Nd5 4. Qf3 e6 5. Bc4 Nb6 6. d3 Nc6 7. Ne2 d6 8. exd6 Bxd6 9. 0-0 0-0 10. Be3 e5 11. Nd2 Nd4 12. Bxd4 exd4 13. Ng3 Nxc4 14. Nxc4 Be6 15. Nxd6 Qxd6 16. Ne4 Qc6 17. Rae1 f5 18. Nxc5 Bd5 19. Ne4 fxe4 20. dxe4 Bxa2 21. Rf2 Bf7 22. f5 Rae8 23. Qg4 Qf6 24. h4 Re5 25. Qh3 Rfe8 26. Rf4 Qc6 27. Qd3 Qc4 28. Qxc4 Bxc4 29. Kf2 Bd5 30. Kf3 h5 31. g3 a5 32. g4 hxg4+ 33. Kxg4 Rxe4 34. Rd1 Rxf4+ 35. Kxf4 Re4+ 36. Kg5 b5 37. c3 Bb3 38. Rg1 0-1